Leadership In The Indian Army (Record no. 366910)

MARC details
000 -LEADER
fixed length control field 00396 a2200145 4500
005 - DATE AND TIME OF LATEST TRANSACTION
control field 20250604165339.0
008 - FIXED-LENGTH DATA ELEMENTS--GENERAL INFORMATION
fixed length control field 250604b |||||||| |||| 00| 0 eng d
020 ## - INTERNATIONAL STANDARD BOOK NUMBER
International Standard Book Number 9780143462439
041 ## - LANGUAGE CODE
Language code of text/sound track or separate title English
100 ## - MAIN ENTRY--PERSONAL NAME
Author Singh V.K.
245 ## - TITLE STATEMENT
Title Leadership In The Indian Army
Remainder of title : Biographies Of Twelve Soldiers
260 ## - PUBLICATION, DISTRIBUTION, ETC.
Name of publisher, distributor, etc. Penguin Rendom Hose India
Date of publication, distribution, etc. 2023
300 ## - PHYSICAL DESCRIPTION
Extent 471
942 ## - ADDED ENTRY ELEMENTS (KOHA)
Koha item type Books
Holdings
Withdrawn status Lost status Source of classification or shelving scheme Damaged status Not for loan Home library Current library Date acquired Vendor Net Price Total Checkouts Full call number Barcode Date last seen Date last checked out Actual Price Bill Date Koha item type
    Dewey Decimal Classification     Cummins College of Engineering for Women Pune Cummins College of Engineering for Women Pune 04/06/2025 63 479.20 1 355.354 SIN CCEP-BK-68944 28/11/2025 11/07/2025 599.00 04/06/2025 Books